[Event "FRA-ch U18 Girls"]
[Site "Montlucon"]
[Date "2011.04.20"]
[Round "5"]
[White "Ranc, Candice"]
[Black "Soriano, Manon"]
[Result "0-1"]
[WhiteElo "1570"]
[BlackElo "1551"]
[PlyCount "100"]
[EventDate "2011.04.17"]
[EventType "swiss"]
[EventRounds "9"]
[EventCountry "FRA"]
[SourceTitle "CBM 142 Extra"]
[Source "ChessBase"]
[SourceDate "2011.06.27"]
[SourceVersion "1"]
[SourceVersionDate "2011.06.27"]
[SourceQuality "1"]

1. e4 c5 2. Nf3 Nc6 3. d4 cxd4 4. Nxd4 g6 5. Nc3 Bg7 6. Be3 Nf6 7. Qd2 d6 8. Nxc6 bxc6 9. f3 0-0 10. Rd1 Re8 11. Bc4 Rb8 12. 0-0 Qa5 13. Bb3 Ba6 14. Rfe1 Rb7 15. Bf4 Nd7 16. Bh6 Bf6 17. Be3 Ne5 18. Bd4 Bh4 19. Bf2 Bf6 20. Nd5 Qxd2 21. Nxf6+ exf6 22. Rxd2 Rd8 23. Red1 Rbd7 24. f4 Nc4 25. Bxc4 Bxc4 26. b3 Be6 27. h3 h5 28. c4 a6 29. Rd3 f5 30. Bh4 fxe4 31. Re3 Re8 32. Rxe4 d5 33. Red4 c5 34. R4d2 d4 35. Bf6 Bf5 36. a3 Re3 37. Rb2 d3 38. Kf2 Rd6 39. Bc3 Rde6 40. b4 cxb4 41. axb4 R3e4 42. g3 Rxc4 43. Rc1 Rce4 44. Rd1 Re2+ 45. Rxe2 Rxe2+ 46. Kg1 Rc2 47. Bd4 Be4 48. Be3 Rg2+ 49. Kf1 Rxg3 50. Bc1 Rxh3 0-1

[Event "FRA-ch U14 Girls"]
[Site "Le Grand Bornand"]
[Date "2007.04.??"]
[Round "7"]
[White "Auffret, Gaelle"]
[Black "Ranc, Candice"]
[Result "1-0"]
[WhiteElo "1620"]
[BlackElo "1490"]
[PlyCount "87"]
[EventDate "2007.04.07"]
[EventType "swiss"]
[EventRounds "9"]
[EventCountry "FRA"]
[SourceTitle "CBM 118 Extra"]
[Source "ChessBase"]
[SourceDate "2007.07.04"]
[SourceVersion "1"]
[SourceVersionDate "2007.07.04"]
[SourceQuality "1"]

1. d4 Nf6 2. c4 e5 3. dxe5 Ng4 4. Nf3 Nc6 5. Bf4 Bb4+ 6. Nbd2 d6 7. exd6 Bxd6 8. Bxd6 Qxd6 9. e3 0-0 10. Be2 Nge5 11. 0-0 Qg6 12. Kh1 Be6 13. Rc1 Rad8 14. Qc2 f5 15. Nxe5 Nxe5 16. Nf3 Qf6 17. Qc3 Ng4 18. Qxf6 Rxf6 19. h3 Nh6 20. Nd4 Bf7 21. Rfd1 Re8 22. Bf3 c6 23. Nb3 b6 24. Rd7 Ra8 25. c5 Be8 26. Rc7 Nf7 27. cxb6 axb6 28. Bxc6 Bxc6 29. R7xc6 Rxc6 30. Rxc6 h6 31. Rxb6 Rxa2 32. Rb8+ Kh7 33. Nd4 g6 34. Kh2 Kg7 35. Kg3 h5 36. b4 Rb2 37. b5 Nd6 38. f3 Kf6 39. b6 Nc4 40. b7 Nxe3 41. Rf8+ Kg5 42. h4+ Kh6 43. Rh8+ Kg7 44. b8Q 1-0

[Event "FRA-ch U14 Girls"]
[Site "Le Grand Bornand"]
[Date "2007.04.??"]
[Round "8"]
[White "Ranc, Candice"]
[Black "Armas, Lena"]
[Result "0-1"]
[WhiteElo "1490"]
[BlackElo "1697"]
[PlyCount "102"]
[EventDate "2007.04.07"]
[EventType "swiss"]
[EventRounds "9"]
[EventCountry "FRA"]
[SourceTitle "CBM 118 Extra"]
[Source "ChessBase"]
[SourceDate "2007.07.04"]
[SourceVersion "1"]
[SourceVersionDate "2007.07.04"]
[SourceQuality "1"]

1. e4 c5 2. Nf3 d6 3. d4 cxd4 4. Nxd4 a6 5. Nc3 Nf6 6. f3 e5 7. Nb3 Be6 8. Be3 Be7 9. Qd2 Nbd7 10. g4 Rc8 11. g5 Nh5 12. Ne2 0-0 13. Ng3 Nf4 14. h4 a5 15. c3 a4 16. Nc1 Ng6 17. h5 Nf4 18. Bxf4 exf4 19. Qxf4 Ne5 20. Qe3 Bxg5 21. f4 Ng4 22. Qd2 Bh6 23. Nd3 Re8 24. Qe2 Nf6 25. Rg1 Bg4 26. Qg2 Bxh5 27. Nf5 Rxe4+ 28. Kd2 Bg4 29. Nxh6+ gxh6 30. Qh3 Qf8 31. Rxg4+ Nxg4 32. Qxg4+ Kh8 33. Be2 Rce8 34. Bf3 R4e7 35. Rg1 Qg8 36. Qxg8+ Rxg8 37. Rxg8+ Kxg8 38. Bd5 Kg7 39. c4 Kg6 40. Nf2 Kf5 41. Nd3 h5 42. b3 axb3 43. axb3 h4 44. b4 h5 45. Kc3 f6 46. Kd4 b6 47. Kc3 h3 48. Kd2 h2 49. Bf3 h4 50. Kd1 Re3 51. Ne1 Rxf3 0-1

[Event "FRA-ch U14 Girls"]
[Site "Le Grand Bornand"]
[Date "2007.04.??"]
[Round "4"]
[White "Ranc, Candice"]
[Black "Lenoel, Marine"]
[Result "0-1"]
[WhiteElo "1490"]
[BlackElo "1630"]
[PlyCount "64"]
[EventDate "2007.04.07"]
[EventType "swiss"]
[EventRounds "9"]
[EventCountry "FRA"]
[SourceTitle "CBM 118 Extra"]
[Source "ChessBase"]
[SourceDate "2007.07.04"]
[SourceVersion "1"]
[SourceVersionDate "2007.07.04"]
[SourceQuality "1"]

1. e4 e5 2. Nf3 Nc6 3. d4 exd4 4. Bc4 Be7 5. Nxd4 d6 6. Nxc6 bxc6 7. Qh5 g6 8. Qf3 Nf6 9. Nc3 0-0 10. 0-0 Rb8 11. b3 Bd7 12. Bb2 Ng4 13. Rfe1 Ne5 14. Qe2 Nxc4 15. Qxc4 Bf6 16. f4 Re8 17. Kh1 Bg7 18. Bc1 d5 19. Qd3 dxe4 20. Rxe4 Rxe4 21. Qxe4 Bxc3 22. Rb1 Qe8 23. Qxe8+ Rxe8 24. Ba3 Re1+ 25. Rxe1 Bxe1 26. g3 Bf5 27. c4 Bb1 28. Bc5 a6 29. a3 Ba2 30. b4 Bxc4 31. Kg2 f5 32. Kf3 Bc3 0-1